Gustav Rümelin's politische Ideen

Elmentve itt :
Bibliográfiai részletek
Szerző: Schnizer Otto
Dokumentumtípus: Cikk
Megjelent: 1919
Sorozat:Kolligátum
Kulcsszavak:Jogelmélet
Online Access:http://misc.bibl.u-szeged.hu/22819
LEADER 00520nab a2200169 i 4500
001 misc22819
005 20191111110524.0
008 170724s1919 hu o 0|| zxx d
040 |a SZTE Miscellanea Repozitórium  |b hun 
041 |a zxx 
100 1 |a Schnizer Otto 
245 1 0 |a Gustav Rümelin's politische Ideen  |h [elektronikus dokumentum] /  |c  Schnizer Otto 
260 |c 1919 
300 |a 1-111 
490 0 |a Kolligátum 
695 |a Jogelmélet 
856 4 0 |u http://misc.bibl.u-szeged.hu/22819/1/03523_001-111.pdf  |z Dokumentum-elérés